000 01187nam a2200265Ia 4500
003 OSt
005 20220930094744.0
006 a|||||r|||| 00| 0
007 ta
008 220926b |||||||| |||| 00| 0 san d
024 _a10732
037 _cTheses
040 _aCRL
_cCRL
_bsan
041 _2san
_asan
100 _aनीलम, ले.
_9159534
110 _aदिल्ली विश्वविद्यालय. कला संकाय. संस्कृत विभाग
_9556207
245 0 _aहरविजयम् महाकाव्य में प्रयुक्त क्रियारूपों का संरचनात्मक एवम् अर्थमूलक अध्ययन
246 _aHaravijayam mahākāvya mean prayukta kriyārūpoan kā sanrachanātmak evam arthamūlak adhyayana
260 _c2012
300 _a316पृ0
_ap.
_ccm.
650 _aसंस्कृत साहित्य
700 _aदिल्ली विश्वविद्यालय. कला संकाय. संस्कृत विभाग
_9556208
942 _cDIS
_2CC
999 _c887621
_d887621